Which City in the UK? - Multiple Choice - Statistics

General Stats
  • This quiz has been taken 226 times
  • The average score is 13 of 15
Answer Stats
Question Answer % Correct
Which city features the Roman Baths? Bath
100%
Which city is the Clifton Suspension Bridge found in? Bristol
100%
Which Welsh city includes the Wales Millennium Centre? Cardiff
100%
Which city is Hyde Park found in? London
100%
In which city would you visit the Royal Cornwall Museum? Truro
100%
In which city is the National Railway Museum based? York
100%
Where can you visit the Ness Islands? Inverness
91%
Where is Anfield stadium based? Liverpool
91%
Where can you visit the National Football Museum? Manchester
91%
Where would you find the Ibrox Stadium? Glasgow
82%
Which city is Molineux Stadium found in? Wolverhampton
73%
Where can you visit the National Justice Museum? Nottingham
64%
Where can you visit the National Marine Aquarium? Plymouth
64%
In which city can you visit the SS Nomadic? Belfast
55%
Where can you visit Kirkstall Abbey? Leeds
55%
No matching quizzes found
Score Distribution
Percent of People with Each Score
Percentile by Number Answered
Your Score History
You have not taken this quiz